| 000 | 04524cam a2200505 i 4500 | ||
|---|---|---|---|
| 001 | 22776209 | ||
| 005 | 20250416151315.0 | ||
| 008 | 220902t20222022nyu bd 001 0 eng d | ||
| 010 | _a 2022945705 | ||
| 020 |
_a9780197599020 _q(hardcover) |
||
| 020 |
_a0197599028 _q(hardcover) |
||
| 035 | _a(OCoLC)on1305914015 | ||
| 040 |
_aYDX _beng _erda _cYDX _dTOH _dVGL _dOCLCF _dIMD _dJTH _dCDX _dDLC |
||
| 042 | _alccopycat | ||
| 043 | _an-us--- | ||
| 050 | 0 | 0 |
_aPE2827 _b.G37 2022 |
| 082 | 0 | 4 |
_a428 _bGAR |
| 100 | 1 |
_aGarner, Bryan A., _eauthor. _983457 |
|
| 240 | 1 | 0 | _aGarner's modern American usage |
| 245 | 1 | 0 |
_aGarner's modern English usage / _cBryan A. Garner. |
| 246 | 3 | 0 | _aModern English usage |
| 250 | _aFifth edition. | ||
| 264 | 1 |
_aNew York, NY : _bOxford University Press, _c2022. |
|
| 264 | 4 | _c©2022 | |
| 300 |
_axxvi, 1276 pages ; _c26 cm |
||
| 336 |
_atext _btxt _2rdacontent |
||
| 337 |
_aunmediated _bn _2rdamedia |
||
| 338 |
_avolume _bnc _2rdacarrier |
||
| 500 | _aPrevious edition: 2016. | ||
| 500 | _a"The authority on grammar, usage, and style"--Jacket. | ||
| 504 | _aIncludes bibliographical references (pages 1263-1265) and index. | ||
| 505 | 0 | _aList of essay entries -- Abbreviations -- Pronunciation key -- Key to the language-change index -- Garner's modern English usage -- Glossary of grammatical, rhetorical, and other language-related terms -- A timeline of books on usage -- Select bibliography -- Select index of people quoted or mentioned. | |
| 520 |
_a"The most original and authoritative voice of today's English lexicography presents a fully revised new edition of his beloved usage dictionary. When Bryan Garner published the first edition of A Dictionary of Modern American Usage in 1999, the book quickly became one of the most influential style guides ever written for the English language. After four previous editions and over twenty years, our language has evolved in many ways, and the powerful tool of big data has revolutionized lexicography. This extensively revised new edition fully captures these changes, featuring a thousand new entries and over two hundred replacement entries, thoroughly updated usage data and ratios on word frequency based on the Google Ngram Viewer, a more balanced coverage of World Englishes, not just American and British, and the inclusion of gender-neutral language. However, one thing has not changed: in no sense is this a "regular" dictionary but a masterpiece of lexicography written with wit and personality by one of the preeminent authorities on the English language. To put it in David Foster Wallace's words, Garner's discussion of rhetoric and style still "borders on genius." From the (lost) battle between self-deprecating and self-depreciating to the misuse of it's for its, from the variant spelling patty-cake taking over pat-a-cake in American English to the singular uses of they, Garner explains the nuances of grammar and vocabulary and the linguistic blunders to which modern writers and speakers are prone, whether in word choice, syntax, phrasing, punctuation, or pronunciation. His empirical approach liberates English from two extremes: from the "purists" who maintain that split infinitives and sentence-ending prepositions are malfeasances and from the linguistic relativists who believe that whatever people say or write must necessarily be accepted. The purpose of Garner's dictionary is to help writers, editors, and speakers use the language effectively. And it does so in a playful and persuasive way that will help you sound "grammatical but relaxed, refined but natural, correct but unpedantic."-- _cPublisher's description. |
||
| 650 | 0 |
_aEnglish language _xUsage _vDictionaries. _983461 |
|
| 650 | 0 |
_aEnglish language _zUnited States _xUsage _vDictionaries. _9128705 |
|
| 650 | 0 |
_aAmericanisms _vDictionaries. _9128706 |
|
| 650 | 7 |
_aEnglish language _xUsage. _2fast _0(OCoLC)fst00911918 _913151 |
|
| 651 | 7 |
_aUnited States. _2fast _0(OCoLC)fst01204155 |
|
| 655 | 7 |
_aDictionaries. _2lcgft _918689 |
|
| 700 | 1 |
_aGarner, Bryan A. _tDictionary of modern American usage. _9128707 |
|
| 775 | 0 | 8 |
_iRevision of: _aGarner, Bryan A. _sGarner's modern American usage. _tGarner's modern English usage. _bFourth edition. _dNew York, NY : Oxford University Press, 2016 _z9780190491482 _w(DLC) 2016591307 _w(OCoLC)922726594 |
| 906 |
_a7 _bcbc _ccopycat _d2 _encip _f20 _gy-gencatlg |
||
| 942 |
_2ddc _cBK |
||
| 999 |
_c613599 _d613599 |
||